<?xml version="1.0" encoding="UTF-8"?>
<record
    xmlns:xsi="http://www.w3.org/2001/XMLSchema-instance"
    xsi:schemaLocation="http://www.loc.gov/MARC21/slim http://www.loc.gov/standards/marcxml/schema/MARC21slim.xsd"
    xmlns="http://www.loc.gov/MARC21/slim">

  <leader>01830nam a22004457a 4500</leader>
  <controlfield tag="001">BRCA_9320</controlfield>
  <controlfield tag="003">FranzMayer</controlfield>
  <controlfield tag="005">20230918115800.0</controlfield>
  <controlfield tag="008">230823b        |||||||| |||| 00| 0 eng d</controlfield>
  <datafield tag="020" ind1=" " ind2=" ">
    <subfield code="a">9788475068961</subfield>
  </datafield>
  <datafield tag="040" ind1=" " ind2=" ">
    <subfield code="a">MFM</subfield>
    <subfield code="b">esp</subfield>
    <subfield code="c">MFM</subfield>
  </datafield>
  <datafield tag="050" ind1=" " ind2="0">
    <subfield code="a">TR145.M628</subfield>
    <subfield code="b">.N37 2010</subfield>
  </datafield>
  <datafield tag="100" ind1="1" ind2=" ">
    <subfield code="4">Autor</subfield>
    <subfield code="a">Nassar, Issam</subfield>
    <subfield code="9">29076</subfield>
  </datafield>
  <datafield tag="240" ind1=" " ind2=" ">
    <subfield code="a">Jardines de arena</subfield>
    <subfield code="h">Fotograf&#xED;a comercial en Oriente Pr&#xF3;ximo 1859-1905</subfield>
    <subfield code="l">Espa&#xF1;ol</subfield>
  </datafield>
  <datafield tag="245" ind1="0" ind2=" ">
    <subfield code="a">Jardines de arena</subfield>
    <subfield code="b">Fotograf&#xED;a comercial en Oriente Pr&#xF3;ximo 1859-1905</subfield>
  </datafield>
  <datafield tag="260" ind1=" " ind2=" ">
    <subfield code="a">M&#xE9;xico</subfield>
    <subfield code="b">Turner</subfield>
    <subfield code="c">2010</subfield>
  </datafield>
  <datafield tag="300" ind1=" " ind2=" ">
    <subfield code="a">140 p</subfield>
    <subfield code="b">Ilustraciones a color</subfield>
    <subfield code="c">29 cm</subfield>
  </datafield>
  <datafield tag="500" ind1=" " ind2=" ">
    <subfield code="a">Anexo 1</subfield>
  </datafield>
  <datafield tag="500" ind1=" " ind2=" ">
    <subfield code="a">Cubierta en pasta dura y una cubierta de papel que la envuelve</subfield>
  </datafield>
  <datafield tag="505" ind1=" " ind2=" ">
    <subfield code="a">Texto en: espa&#xF1;olTraducido del: ingl&#xE9;sIncluye &#xED;ndice tem&#xE1;ticoIncluye &#xED;ndice bibliogr&#xE1;fico de los fot&#xF3;grafos cuyas fotos aparecen en el libroDirigido a: fot&#xF3;grafos, historiadores, trotamundos, arque&#xF3;logos. </subfield>
  </datafield>
  <datafield tag="650" ind1="1" ind2=" ">
    <subfield code="2">Fotograf&#xED;a</subfield>
    <subfield code="a">Siglo XIX</subfield>
    <subfield code="v">D&#xE9;cada de 1850</subfield>
    <subfield code="9">29077</subfield>
  </datafield>
  <datafield tag="651" ind1="2" ind2=" ">
    <subfield code="2">Fotograf&#xED;a</subfield>
    <subfield code="a">Oriente Pr&#xF3;ximo</subfield>
    <subfield code="9">29078</subfield>
  </datafield>
  <datafield tag="700" ind1="1" ind2=" ">
    <subfield code="4">Autor</subfield>
    <subfield code="a">Alm&#xE1;rcegui, Patricia</subfield>
    <subfield code="9">29079</subfield>
  </datafield>
  <datafield tag="700" ind1="1" ind2=" ">
    <subfield code="4">Autor</subfield>
    <subfield code="a">Worswick, Clark </subfield>
    <subfield code="9">29080</subfield>
  </datafield>
  <datafield tag="700" ind1="1" ind2=" ">
    <subfield code="4">Trad.</subfield>
    <subfield code="a">Lor&#xE9;s, Maite</subfield>
    <subfield code="9">29081</subfield>
  </datafield>
  <datafield tag="700" ind1="1" ind2=" ">
    <subfield code="4">Fot.</subfield>
    <subfield code="a">Al-Ghaffar, Abd</subfield>
    <subfield code="9">29082</subfield>
  </datafield>
  <datafield tag="700" ind1="1" ind2=" ">
    <subfield code="4">Fot.</subfield>
    <subfield code="a">Freres, Abdullah</subfield>
    <subfield code="9">29083</subfield>
  </datafield>
  <datafield tag="700" ind1="1" ind2=" ">
    <subfield code="4">Fot.</subfield>
    <subfield code="a">Sulayman, Al-Hakin</subfield>
    <subfield code="9">29084</subfield>
  </datafield>
  <datafield tag="700" ind1="1" ind2=" ">
    <subfield code="4">Fot.</subfield>
    <subfield code="a">Emile, B&#xE9;chard</subfield>
    <subfield code="9">29085</subfield>
  </datafield>
  <datafield tag="700" ind1="1" ind2=" ">
    <subfield code="4">Fot.</subfield>
    <subfield code="a">Maison, Berggren</subfield>
    <subfield code="9">29086</subfield>
  </datafield>
  <datafield tag="700" ind1="1" ind2=" ">
    <subfield code="4">Fot.</subfield>
    <subfield code="a">Hild Ullin, Guillaume</subfield>
    <subfield code="9">29087</subfield>
  </datafield>
  <datafield tag="700" ind1="1" ind2=" ">
    <subfield code="4">Fot.</subfield>
    <subfield code="a">Joseph, David</subfield>
    <subfield code="9">29088</subfield>
  </datafield>
  <datafield tag="700" ind1="1" ind2=" ">
    <subfield code="4">Fot.</subfield>
    <subfield code="a">Maison, Bonfils</subfield>
    <subfield code="9">29089</subfield>
  </datafield>
  <datafield tag="700" ind1="1" ind2=" ">
    <subfield code="4">Fot.</subfield>
    <subfield code="a">Francis Jr, Frith</subfield>
    <subfield code="9">29090</subfield>
  </datafield>
  <datafield tag="700" ind1="1" ind2=" ">
    <subfield code="4">Fot.</subfield>
    <subfield code="a">Maison, Garrigues</subfield>
    <subfield code="9">29091</subfield>
  </datafield>
  <datafield tag="700" ind1="1" ind2=" ">
    <subfield code="4">Fot.</subfield>
    <subfield code="a">Frank Mason, Good</subfield>
    <subfield code="9">29092</subfield>
  </datafield>
  <datafield tag="700" ind1="1" ind2=" ">
    <subfield code="4">Fot.</subfield>
    <subfield code="a">Wilhelm, Hammerschmidt</subfield>
    <subfield code="9">29093</subfield>
  </datafield>
  <datafield tag="700" ind1="1" ind2=" ">
    <subfield code="4">Fot.</subfield>
    <subfield code="a">Otto, Schoefft</subfield>
    <subfield code="9">29094</subfield>
  </datafield>
  <datafield tag="942" ind1=" " ind2=" ">
    <subfield code="2">lcc</subfield>
    <subfield code="c">B</subfield>
  </datafield>
  <datafield tag="999" ind1=" " ind2=" ">
    <subfield code="c">10942</subfield>
    <subfield code="d">10942</subfield>
  </datafield>
  <datafield tag="952" ind1=" " ind2=" ">
    <subfield code="0">0</subfield>
    <subfield code="1">0</subfield>
    <subfield code="2">lcc</subfield>
    <subfield code="4">0</subfield>
    <subfield code="7">0</subfield>
    <subfield code="a">BRCA</subfield>
    <subfield code="b">BRCA</subfield>
    <subfield code="d">2023-08-23</subfield>
    <subfield code="l">0</subfield>
    <subfield code="o">TR145.M628 .N37 2010</subfield>
    <subfield code="p">CONT10075</subfield>
    <subfield code="r">2023-08-23 00:00:00</subfield>
    <subfield code="w">2023-08-23</subfield>
    <subfield code="y">B</subfield>
  </datafield>
</record>
